| 000 | 01299nam a2200325Ia 4500 | ||
|---|---|---|---|
| 001 | ebr10284036 | ||
| 003 | CaPaEBR | ||
| 006 | m u | ||
| 007 | cr cn||||||||| | ||
| 008 | 011119s2002 nju sb 001 0 eng d | ||
| 010 | _z 2001058064 | ||
| 020 | _z0691049076 (alk. paper) | ||
| 020 | _z9780691049076 | ||
| 040 |
_aCaPaEBR _cCaPaEBR |
||
| 035 | _a(OCoLC)355679941 | ||
| 050 | 1 | 4 |
_aHM548 _b.B43613 2002eb |
| 082 | 0 | 4 |
_a306.3/4 _221 |
| 100 | 1 |
_aBeckert, Jens, _d1967- |
|
| 240 | 1 | 0 |
_aGrenzen des Marktes. _lEnglish |
| 245 | 1 | 0 |
_aBeyond the market _h[electronic resource] : _bthe social foundations of economic efficiency / _cJens Beckert ; translated by Barbara Harshav. |
| 260 |
_aPrinceton : _bPrinceton University Press, _cc2002. |
||
| 300 | _a365 p. | ||
| 504 | _aIncludes bibliographical references and index. | ||
| 533 |
_aElectronic reproduction. _bPalo Alto, Calif. : _cebrary, _d2009. _nAvailable via World Wide Web. _nAccess may be limited to ebrary affiliated libraries. |
||
| 650 | 0 |
_aDecision making _xSocial aspects. |
|
| 650 | 0 |
_aEconomics _xSociological aspects. |
|
| 655 | 7 |
_aElectronic books. _2local |
|
| 710 | 2 | _aebrary, Inc. | |
| 856 | 4 | 0 |
_uhttp://site.ebrary.com/lib/rucke/Doc?id=10284036 _zAn electronic book accessible through the World Wide Web; click to view |
| 999 |
_c2486 _d2486 |
||